Микропроцессорное зарядное устройство для Ni-Cd аккумуляторов; Схемотехника; № 1

Bibliographische Detailangaben
Parent link:Схемотехника: научно-технический журнал.— , 2002-2007
№ 1.— 2003.— С. 13-14
1. Verfasser: Гришко М. Максим
Sprache:Russisch
Veröffentlicht: 2003
Schriftenreihe:Источники питания
Schlagworte:
Format: MixedMaterials Buchkapitel
KOHA link:https://koha.lib.tpu.ru/cgi-bin/koha/opac-detail.pl?biblionumber=384230

MARC

LEADER 00000naa2a2200000 4500
001 384230
005 20231101063230.0
035 |a (RuTPU)RU\TPU\prd\10726 
090 |a 384230 
100 |a 20030218a2003 k y0rusy50 ca 
101 0 |a rus 
102 |a RU 
200 1 |a Микропроцессорное зарядное устройство для Ni-Cd аккумуляторов  |f М. Гришко 
225 1 |a Источники питания 
461 1 |0 (RuTPU)RU\TPU\prd\2494  |t Схемотехника  |o научно-технический журнал  |d 2002-2007 
463 1 |0 (RuTPU)RU\TPU\prd\10549  |t № 1  |v С. 13-14  |d 2003 
610 1 |a микропроцессоры 
610 1 |a микропроцессорные зарядные устройства 
610 1 |a аккумуляторы 
610 1 |a зарядка аккумуляторов 
700 1 |a Гришко  |b М.  |g Максим 
801 1 |a RU  |b 63413507  |c 20030218  |g PSBO 
801 2 |a RU  |b 63413507  |c 20131217  |g RCR 
942 |c BK